[Event "Fortaleza Sales Memorial"]
[Site "Fortaleza"]
[Date "2016.05.26"]
[Round "1"]
[White "Albuquerque, Wellington S Jr"]
[Black "Nogueira, Jorge da Silva"]
[Result "1-0"]
[WhiteElo "2128"]
[BlackElo "1810"]
[PlyCount "63"]
[EventDate "2016.05.26"]
[EventType "swiss"]
[EventRounds "6"]
[EventCountry "BRA"]
[SourceTitle "CBM 172 Extra"]
[Source "ChessBase"]
[SourceDate "2016.06.21"]
[SourceVersion "1"]
[SourceVersionDate "2016.06.21"]
[SourceQuality "1"]

1. e4 e6 2. Qe2 Nc6 3. Nf3 Nb4 4. d3 d5 5. a3 dxe4 6. dxe4 Nc6 7. Nc3 a6 8. Bf4 Nd4 9. Nxd4 Qxd4 10. Bxc7 Be7 11. Rd1 Qc5 12. Qc4 Qxc4 13. Bxc4 Bd7 14. Bd6 Rc8 15. Bb3 Bc6 16. Bxe7 Nxe7 17. Ke2 Ng6 18. Ke3 Ke7 19. f4 Rhe8 20. h4 Nf8 21. Rd2 Nd7 22. Rhd1 Nf6 23. g3 Ng4+ 24. Ke2 Kf8 25. Bc4 Nf6 26. Bd3 h6 27. Kf3 Nd7 28. Be2 f5 29. Rxd7 fxe4+ 30. Ke3 e5 31. R7d6 exf4+ 32. gxf4 1-0

[Event "Fortaleza Schoonenborch U1900"]
[Site "Fortaleza"]
[Date "2014.07.27"]
[Round "5.5"]
[White "Aquino, Francisco Jose Alve"]
[Black "Nogueira, Jorge da Silva"]
[Result "1-0"]
[WhiteElo "1696"]
[BlackElo "1620"]
[PlyCount "124"]
[EventDate "2014.07.25"]
[EventType "swiss"]
[EventRounds "5"]
[EventCountry "BRA"]
[SourceTitle "EXT 2022"]
[Source "ChessBase"]
[SourceDate "2021.10.06"]
[SourceVersion "1"]
[SourceVersionDate "2021.10.06"]
[SourceQuality "1"]

1. e4 e6 2. d4 a6 3. Nf3 d5 4. Bd3 dxe4 5. Bxe4 Nf6 6. Bg5 Nbd7 7. Nbd2 Be7 8. Qe2 Nxe4 9. Bxe7 Qxe7 10. Nxe4 b6 11. 0-0 Bb7 12. Rfe1 0-0 13. Rad1 Nf6 14. Ng3 Qe8 15. Ne5 a5 16. Qc4 c6 17. Qb3 Qd8 18. c3 b5 19. Qc2 Qc7 20. Ne4 Nxe4 21. Rxe4 Rad8 22. Rh4 g6 23. Qd2 f5 24. Qh6 Qg7 25. Qxg7+ Kxg7 26. Nd3 Rfe8 27. Re1 g5 28. Rh3 Re7 29. Rhe3 Rde8 30. Nc5 Bc8 31. Re5 Kf6 32. b3 Rd8 33. Nd3 Ba6 34. Nc5 Bc8 35. h3 b4 36. cxb4 axb4 37. Na4 Rxd4 38. Rc5 Bd7 39. Nb6 Be8 40. Ra5 Rd8 41. Nc4 Rd5 42. Ra4 c5 43. Ra5 f4 44. Nb6 Rd6 45. Nc8 Rd5 46. Nxe7 Kxe7 47. Ra7+ Bd7 48. Rc1 h5 49. Ra5 Kd6 50. Kf1 e5 51. Ke1 g4 52. h4 e4 53. Rd1 Rxd1+ 54. Kxd1 g3 55. fxg3 fxg3 56. Ke2 Kd5 57. Ke3 Be6 58. Ra7 c4 59. Ra5+ Kd6 60. bxc4 Bxc4 61. Kxe4 Bf1 62. Kf3 Bc4 1-0

[Event "Fortaleza Schoonenborch U1900"]
[Site "Fortaleza"]
[Date "2014.07.25"]
[Round "1.8"]
[White "Nogueira, Jorge da Silva"]
[Black "Correa, Licinio Crasso Ramo"]
[Result "0-1"]
[WhiteElo "1620"]
[BlackElo "1974"]
[PlyCount "134"]
[EventDate "2014.07.25"]
[EventType "swiss"]
[EventRounds "5"]
[EventCountry "BRA"]
[SourceTitle "EXT 2022"]
[Source "ChessBase"]
[SourceDate "2021.10.06"]
[SourceVersion "1"]
[SourceVersionDate "2021.10.06"]
[SourceQuality "1"]

1. d4 c5 2. c3 g6 3. e4 Bg7 4. Nf3 b6 5. Bd3 d6 6. h3 Nf6 7. Be3 0-0 8. 0-0 Bb7 9. Nbd2 Nbd7 10. Qe2 Qc7 11. Rac1 a6 12. Bf4 e5 13. Be3 b5 14. b4 c4 15. Bb1 a5 16. dxe5 dxe5 17. Rfd1 axb4 18. cxb4 Ra4 19. Qe1 Rxb4 20. Bc2 Ra8 21. Nb1 Rb2 22. Nc3 Ra3 23. Nxb5 Rxb5 24. Bb3 Qa5 25. Bd2 Qa8 26. Bxc4 Rc5 27. Qe2 Bxe4 28. Ng5 Rxc4 29. Qxc4 Bd5 30. Qc8+ Bf8 31. Bb4 Rxa2 32. Bxf8 Nxf8 33. Rc7 Qxc8 34. Rxc8 Ra8 35. Rc5 h6 36. Nf3 Bxf3 37. gxf3 N6d7 38. Rc7 Rd8 39. Kg2 f6 40. Kg3 Kf7 41. Ra7 Ke7 42. Rb1 Ne6 43. h4 f5 44. Rb5 Kf6 45. Rbb7 Nec5 46. Rc7 f4+ 47. Kg2 Kf5 48. Rc6 Rf8 49. Ra5 Ne6 50. Rd6 Ndc5 51. Rd5 Rc8 52. Ra7 Kf6 53. Ra5 Rc7 54. Ra8 Rd7 55. Rxd7 Nxd7 56. Ra4 Ndc5 57. Ra8 Nd3 58. Ra3 Nec5 59. Kf1 Ke6 60. Ke2 Nb4 61. Ra1 Nc6 62. Kf1 Nd4 63. Kg2 Kf5 64. Ra5 Ncb3 65. Ra8 Nd2 66. Rf8+ Ke6 67. Ra8 N2xf3 0-1

[Event "Fortaleza Alves Memorial 19th"]
[Site "Fortaleza"]
[Date "2014.05.16"]
[Round "1"]
[White "Nogueira, Jorge da Silva"]
[Black "Macedo, Maximo Valerio"]
[Result "0-1"]
[WhiteElo "1627"]
[BlackElo "2102"]
[PlyCount "106"]
[EventDate "2014.05.16"]
[EventType "swiss"]
[EventRounds "6"]
[EventCountry "BRA"]
[SourceTitle "CBM 160 Extra"]
[Source "ChessBase"]
[SourceDate "2014.07.01"]
[SourceVersion "1"]
[SourceVersionDate "2014.07.01"]
[SourceQuality "1"]

1. d4 Nf6 2. Nf3 g6 3. e3 Bg7 4. Bd3 d6 5. Nbd2 0-0 6. 0-0 Nc6 7. a3 e5 8. c3 Re8 9. e4 Nh5 10. d5 Ne7 11. Bb5 Rf8 12. g3 Bg4 13. Be2 Nf6 14. Ng5 Bc8 15. Ngf3 Bh6 16. Qc2 Bh3 17. Rd1 Bd7 18. Nf1 Bxc1 19. Raxc1 Qe8 20. N1d2 Kg7 21. c4 b6 22. Qc3 Nh5 23. Qe3 f5 24. Qd3 f4 25. Ng5 fxg3 26. fxg3 Nf6 27. Ne6+ Bxe6 28. dxe6 Qc8 29. Nf3 Qxe6 30. Qd2 h6 31. Rf1 Nxe4 32. Qc2 Nf6 33. Nh4 Nd7 34. Bf3 c6 35. b4 g5 36. Ng2 g4 37. Be4 Rxf1+ 38. Rxf1 Rf8 39. Rxf8 Nxf8 40. Nh4 d5 41. cxd5 cxd5 42. Nf5+ Nxf5 43. Bxf5 Qd6 44. Bxg4 d4 45. Bh5 d3 46. Qc4 d2 47. Qg4+ Kf6 48. Qf3+ Ke7 49. Qb7+ Nd7 50. Qf3 Nf6 51. Qb7+ Qd7 52. Qxd7+ Kxd7 53. Be2 Nd5 0-1

[Event "Fortaleza Borges Memorial 11th"]
[Site "Fortaleza"]
[Date "2013.12.07"]
[Round "6.11"]
[White "Nogueira, Jorge da Silva"]
[Black "Laroca, Alvaro Ney"]
[Result "1-0"]
[WhiteElo "1608"]
[BlackElo "1579"]
[PlyCount "55"]
[EventDate "2013.11.26"]
[EventType "swiss"]
[EventRounds "6"]
[EventCountry "BRA"]
[SourceTitle "EXT 2022"]
[Source "ChessBase"]
[SourceDate "2021.10.06"]
[SourceVersion "1"]
[SourceVersionDate "2021.10.06"]
[SourceQuality "1"]

1. Nf3 d5 2. d4 Bf5 3. e3 e6 4. Bd3 Bg4 5. Nbd2 Nf6 6. e4 Nc6 7. c3 e5 8. exd5 Qxd5 9. 0-0 0-0-0 10. Bc4 Qe4 11. Nxe4 Nxe4 12. Qd3 f5 13. Be6+ Kb8 14. h3 Nc5 15. Qc4 Nxe6 16. Qxe6 Bxh3 17. gxh3 Rd6 18. Qxf5 Rg6+ 19. Kh1 Bd6 20. dxe5 Rf8 21. Qe4 Re6 22. Qg4 Rg6 23. Qh5 Be7 24. Rg1 Re6 25. Be3 b6 26. Qg4 Nxe5 27. Qxe6 Nxf3 28. Qxe7 1-0

[Event "Cearense-ch 54th sf"]
[Site "Fortaleza"]
[Date "2012.12.08"]
[Round "3.16"]
[White "Monte, Edmar Ferreira"]
[Black "Nogueira, Jorge da Silva"]
[Result "0-1"]
[WhiteElo "1726"]
[BlackElo "1549"]
[PlyCount "54"]
[EventDate "2012.12.07"]
[EventType "swiss"]
[EventRounds "6"]
[EventCountry "BRA"]
[SourceTitle "EXT 2022"]
[Source "ChessBase"]
[SourceDate "2021.10.06"]
[SourceVersion "1"]
[SourceVersionDate "2021.10.06"]
[SourceQuality "1"]

1. c4 Nf6 2. Nc3 e6 3. e4 d6 4. f4 e5 5. fxe5 dxe5 6. Nf3 Bc5 7. h3 c6 8. a3 a5 9. Rb1 Na6 10. d3 Ba7 11. b4 h6 12. c5 axb4 13. axb4 0-0 14. Be3 Nc7 15. Be2 Nh5 16. Nxe5 Ng3 17. Rg1 Ne6 18. Bf2 Nxe2 19. Nxe2 Bb8 20. Nc4 Qf6 21. g4 Ng5 22. Rh1 Qf3 23. Ng3 Qf6 24. Nf5 Bxf5 25. gxf5 Rd8 26. Qe2 Qc3+ 27. Qd2 Nf3+ 0-1

[Event "BRA-ch sf-B"]
[Site "Fortaleza"]
[Date "2012.11.02"]
[Round "3"]
[White "Nogueira, Jorge da Silva"]
[Black "Nunes, Moezio Correia"]
[Result "1-0"]
[WhiteElo "1549"]
[BlackElo "1901"]
[PlyCount "69"]
[EventDate "2012.11.01"]
[EventType "swiss"]
[EventRounds "8"]
[EventCountry "BRA"]
[SourceTitle "EXT 2013"]
[Source "ChessBase"]
[SourceDate "2012.11.22"]
[SourceVersion "1"]
[SourceVersionDate "2012.11.22"]
[SourceQuality "1"]

1. d4 d6 2. e4 Nf6 3. Nd2 g6 4. h3 Bg7 5. Ngf3 Nbd7 6. c3 e5 7. Bd3 0-0 8. 0-0 c6 9. Re1 Re8 10. Bc4 b5 11. Bb3 Nf8 12. Nf1 Qc7 13. Bc2 a5 14. Be3 Ne6 15. Rc1 Bb7 16. Qd2 Nh5 17. g3 b4 18. cxb4 axb4 19. Bb3 exd4 20. Nxd4 Nxd4 21. Bxd4 c5 22. Bxg7 Kxg7 23. Qxb4 Qd7 24. Qc3+ Nf6 25. Bd5 Bxd5 26. exd5 Rxe1 27. Rxe1 Qxh3 28. a3 Qf5 29. Ne3 Qf3 30. Qd2 Ng4 31. Nc4 Ra4 32. Nxd6 Rd4 33. Qe2 Qxd5 34. Ne8+ Kh8 35. Qe7 1-0

[Event "BRA-ch sf-B"]
[Site "Fortaleza"]
[Date "2012.11.01"]
[Round "2"]
[White "Martins, Clauber Figueiredo"]
[Black "Nogueira, Jorge da Silva"]
[Result "1-0"]
[WhiteElo "1944"]
[BlackElo "1549"]
[PlyCount "83"]
[EventDate "2012.11.01"]
[EventType "swiss"]
[EventRounds "8"]
[EventCountry "BRA"]
[SourceTitle "EXT 2013"]
[Source "ChessBase"]
[SourceDate "2012.11.22"]
[SourceVersion "1"]
[SourceVersionDate "2012.11.22"]
[SourceQuality "1"]

1. e4 e6 2. d4 d5 3. exd5 exd5 4. Nf3 Nd7 5. c4 c6 6. Nc3 Ngf6 7. Bg5 Bd6 8. cxd5 Qe7+ 9. Qe2 Qxe2+ 10. Bxe2 Nxd5 11. 0-0 Nxc3 12. bxc3 0-0 13. Bd3 h6 14. Bd2 Nf6 15. Rfe1 Bd7 16. Ne5 Be6 17. f4 Rad8 18. h3 c5 19. Be3 Nd5 20. Bd2 cxd4 21. cxd4 Nb4 22. Be4 b6 23. a3 Na6 24. Be3 Nb8 25. f5 Bc8 26. Bf4 Ba6 27. a4 Bb4 28. Red1 Bc3 29. Rac1 Bxd4+ 30. Kh1 Bc5 31. Bd5 Kh7 32. Bxf7 Bb7 33. Bg6+ Kg8 34. a5 Nc6 35. Nd7 Ba3 36. Ra1 Bb2 37. Rab1 Bd4 38. Nxf8 Kxf8 39. axb6 axb6 40. Bc7 Ra8 41. Bxb6 Bf6 42. Bc5+ 1-0

[Event "Fortaleza Borges Memorial"]
[Site "Fortaleza"]
[Date "2012.06.23"]
[Round "4"]
[White "Nogueira, Jorge da Silva"]
[Black "Laroca, Alvaro Ney"]
[Result "0-1"]
[WhiteElo "1568"]
[BlackElo "1555"]
[PlyCount "70"]
[EventDate "2012.06.14"]
[EventType "swiss"]
[EventRounds "7"]
[EventCountry "BRA"]
[SourceTitle "CBM 149 Extra"]
[Source "ChessBase"]
[SourceDate "2012.08.24"]
[SourceVersion "1"]
[SourceVersionDate "2012.08.24"]
[SourceQuality "1"]

1. d4 e5 2. dxe5 Nc6 3. Nf3 Qe7 4. Bf4 Qb4+ 5. Bd2 Qxb2 6. Bc3 Bb4 7. Qd2 Bxc3 8. Nxc3 Qxa1+ 9. Nd1 Qxa2 10. e3 Qe6 11. Qc3 d6 12. exd6 cxd6 13. Qxg7 Qf6 14. Qg3 Nge7 15. h3 Rg8 16. Qh2 a6 17. Be2 Nb4 18. 0-0 Nbd5 19. Bd3 Qh6 20. Kh1 Bd7 21. Nd4 0-0-0 22. Nb2 Rg7 23. Nc4 Bc6 24. Bf5+ Kc7 25. e4 Nf4 26. Ne3 Rdg8 27. Ng4 Rxg4 28. Bxg4 Bxe4 29. Re1 Bxg2+ 30. Kg1 Ned5 31. c4 Bxh3 32. f3 Qh4 33. Rc1 Rxg4+ 34. fxg4 Qxg4+ 35. Kf2 Nd3# 0-1